[Event "Standard for new members, Feb. 2006"]
[Site "SchemingMind.com"]
[Date "2006.02.04"]
[Round "-"]
[White "gjttjg"]
[Black "Hexsaw"]
[Result "1-0"]
[WhiteCountry "USA"]
[BlackCountry "ENG"]
[WhiteElo "1320"]
[WhiteRD "128"]
[BlackElo "1321"]
[BlackRD "156"]
[GameID "38187"]

1. Nc3 e5 2. Nf3 Nc6 3. d4 Nf6 4. d5 Nd4 5. Nxe5 Bb4 6. Bd2 c5 7. d6 O-O 8. Nb5 a6 9. Nc7 Ra7 10. c3 Nb5
11. cxb4 Ne4 12. Be3 b6 13. a4 Nbxd6 14. b5 Qxc7 15. g3 Re8 16. Bh3 Rxe5 17. Bf4 Rh5 18. Bg4 Rg5 19. Bxg5 Nxg5 20. Qd5 axb5
21. Qxg5 bxa4 22. O-O Qc6 23. Bf3 Qb5 24. Rad1 a3 25. Rxd6 Kf8 26. Qd8#
1-0

[Event "Standard for new members, Feb. 2006"]
[Site "SchemingMind.com"]
[Date "2006.02.04"]
[Round "-"]
[White "Hexsaw"]
[Black "gjttjg"]
[Result "1-0"]
[WhiteCountry "ENG"]
[BlackCountry "USA"]
[WhiteElo "1321"]
[WhiteRD "156"]
[BlackElo "1320"]
[BlackRD "128"]
[GameID "38189"]

1. e4 d5 2. f3 Nf6 3. Nc3 c6 4. Nge2 e5 5. d4 Bd6 6. Bg5 h6 7. Bh4 Qa5 8. Ng3 c5 9. dxe5 Bxe5 10. Nf5 Qd8
11. Nxd5 g5 12. Bf2 Nfd7 13. c3 Nf6 14. g4 O-O 15. Bxc5 Re8 16. Nxh6+ Kh8 17. Nxf7+ Kg7 18. Nxd8 Rxd8 19. Qb3 Nbd7 20. Be7 Rh8
21. f4 gxf4 22. g5 Nxe4 23. h4 f3 24. O-O-O Nf2 25. Bc4 Nb6 26. Rde1 Nxh1 27. Rxe5 f2 28. Qd1 Rxh4 29. Bf6+ Kg6 30. Ne7+ Kh7
31. Bg8#
1-0

[Event "Standard for new members, Feb. 2006"]
[Site "SchemingMind.com"]
[Date "2006.02.05"]
[Round "-"]
[White "alexpc333"]
[Black "gjttjg"]
[Result "0-1"]
[WhiteCountry "GUA"]
[BlackCountry "USA"]
[WhiteElo "1239"]
[WhiteRD "111"]
[BlackElo "1327"]
[BlackRD "119"]
[GameID "38285"]

1. d4 h6 2. e4 Nf6 3. e5 Nd5 4. Bc4 e6 5. Ne2 Qh4 6. O-O Be7 7. Nbc3 O-O 8. Nxd5 Na6 9. Bxa6 exd5 10. Bd3 d6
11. Bf4 Be6 12. exd6 Bxd6 13. Bxd6 cxd6 14. Qd2 Rae8 15. Nf4 Qg5 16. g3 Bh3 17. Rfe1 Bf5 18. Qb4 Bxd3 19. Nxd3 Re7 20. Qxd6 b6
21. Rxe7 b5 22. Nc5 h5 23. Re5 Qg6 24. Ne6 fxe6 25. Rxe6 Qxc2 26. Qxd5 Qc4 27. Qd7 Qc8
0-1

[Event "Standard for new members, Feb. 2006"]
[Site "SchemingMind.com"]
[Date "2006.02.05"]
[Round "-"]
[White "Hexsaw"]
[Black "alexpc333"]
[Result "1-0"]
[WhiteCountry "ENG"]
[BlackCountry "GUA"]
[WhiteElo "1333"]
[WhiteRD "134"]
[BlackElo "1239"]
[BlackRD "111"]
[GameID "38287"]

1. e4 e5 2. Nf3 Nc6 3. Bb5 Nf6 4. Nc3 d6 5. Nd5 Nxe4 6. O-O Be6 7. c4 Qd7 8. d3 Nc5 9. Re1 a6 10. Bxc6 bxc6
11. Nb4 d5 12. Nxe5 Qd6 13. Bf4 dxc4 14. Nbxc6 cxd3 15. a3 Bb3 16. Qf3 Na4 17. Rec1 Nxb2 18. Rc3
1-0

[Event "Standard for new members, Feb. 2006"]
[Site "SchemingMind.com"]
[Date "2006.02.05"]
[Round "-"]
[White "gjttjg"]
[Black "alexpc333"]
[Result "0-1"]
[WhiteCountry "USA"]
[BlackCountry "GUA"]
[WhiteElo "1320"]
[WhiteRD "128"]
[BlackElo "1337"]
[BlackRD "126"]
[GameID "38288"]

1. Nf3 e5 2. d4 e4 3. Nfd2 d5 4. e3 Bf5 5. Bb5+ c6 6. Ba4 Nf6 7. O-O Bd6 8. g3 b5 9. Bb3 Bg4 10. f3 exf3
11. Nxf3 Bxf3 12. Qxf3 O-O 13. Nc3 b4 14. Ne2 Ne4 15. c4 bxc3 16. bxc3 Qa5 17. Bb2 Nd2 18. Qh5 Nxf1 19. Kxf1 Nd7 20. c4 Qd2
21. Bc3 Qxe3 22. Ba4 Nf6 23. Qh4 Rae8 24. Re1 Ne4 25. Ba5 Qf2#
0-1

[Event "Standard for new members, Feb. 2006"]
[Site "SchemingMind.com"]
[Date "2006.02.06"]
[Round "-"]
[White "PackoJones1000"]
[Black "Hexsaw"]
[Result "1-0"]
[WhiteCountry "ESP"]
[BlackCountry "ENG"]
[WhiteElo "2046"]
[WhiteRD "128"]
[BlackElo "1253"]
[BlackRD "255"]
[GameID "38324"]

1. e4 e5 2. Nf3 Nc6 3. Bb5 a6 4. Ba4 b5 5. Bb3 Nf6 6. O-O Nxe4 7. d4 d6 8. Bd5 Qd7 9. dxe5 Bb7 10. Bxe4 Be7
11. Re1 f6 12. exf6 gxf6 13. Nd4 d5 14. Bf5 Qd8 15. Qh5+ Kf8 16. Bh6+ Kg8 17. Be6#
1-0

[Event "Standard for new members, Feb. 2006"]
[Site "SchemingMind.com"]
[Date "2006.02.06"]
[Round "-"]
[White "PackoJones1000"]
[Black "gjttjg"]
[Result "1-0"]
[WhiteCountry "ESP"]
[BlackCountry "USA"]
[WhiteElo "2046"]
[WhiteRD "128"]
[BlackElo "1409"]
[BlackRD "177"]
[GameID "38325"]

1. e4 d5 2. exd5 Qxd5 3. Nc3 Qe5+ 4. Be2 Nf6 5. Nf3 Qa5 6. O-O Nd5 7. Bb5+ c6 8. Nxd5 Qd8 9. Nc3 cxb5 10. Nxb5 f6
11. d4 a6 12. Nc3 Bg4 13. Qd3 Nc6 14. d5 Ne5 15. Nxe5 fxe5 16. Qe4 Bh5 17. Qxe5 Bg6 18. Re1 Bf7 19. Bg5 h6 20. Ne4 hxg5
21. Nd6+ Kd7 22. Nxf7 Qb6 23. Nxh8 Re8 24. d6 Qxd6 25. Rad1 Qxd1 26. Rxd1+ Kc8 27. Rd3 g6 28. Rc3+ Kd8 29. Qc7#
1-0

[Event "Standard for new members, Feb. 2006"]
[Site "SchemingMind.com"]
[Date "2006.02.06"]
[Round "-"]
[White "PackoJones1000"]
[Black "alexpc333"]
[Result "1-0"]
[WhiteCountry "ESP"]
[BlackCountry "GUA"]
[WhiteElo "2046"]
[WhiteRD "128"]
[BlackElo "1463"]
[BlackRD "184"]
[GameID "38327"]

1. e4 e5 2. Nf3 Nc6 3. Bb5 Nf6 4. O-O Nxe4 5. d4 d6 6. Qe2 Bf5 7. d5 Bd7 8. Qxe4 Na5 9. Bxd7+ Qxd7 10. b4 f5
11. Qe2 e4 12. bxa5 Qa4 13. Nc3 Qxa5 14. Nxe4 fxe4 15. Qxe4+ Be7 16. Bg5 O-O-O 17. Bxe7 Rhe8 18. Qg4+ Rd7 19. Rfe1 g6 20. Bg5 Rf8
21. Re7 Qb5 22. a4 h5 23. Qe6 Qb2 24. Qxd7+ Kb8 25. Re8+ Rxe8 26. Qxe8#
1-0

[Event "Standard for new members, Feb. 2006"]
[Site "SchemingMind.com"]
[Date "2006.02.07"]
[Round "-"]
[White "Hexsaw"]
[Black "PackoJones1000"]
[Result "0-1"]
[WhiteCountry "ENG"]
[BlackCountry "ESP"]
[WhiteElo "1321"]
[WhiteRD "156"]
[BlackElo "2048"]
[BlackRD "98"]
[GameID "38328"]

1. e4 c5 2. Nc3 Nc6 3. Nf3 e6 4. d3 d5 5. Be2 d4 6. Na4 b5 7. b3 bxa4 8. O-O Bd6 9. Ba3 Nge7 10. Rb1 O-O
11. e5 Nxe5 12. Nxe5 Bxe5 13. b4 Nd5 14. Qd2 Bf4 15. Qe1 Nc3 16. Bf3 Nxb1 17. Qxb1 Rb8 18. Re1 cxb4 19. Bxb4 a5 20. Re4 Qf6
21. a3 Bd6 22. Qa2 axb4 23. Bg4 Qh6 24. Kf1 f5 25. Rxd4 Qc1+ 26. Ke2 Rb5 27. Rxd6 Re5+ 28. Kf3 fxg4+ 29. Kxg4 Qf4+ 30. Kh3 Rh5#
0-1

[Event "Standard for new members, Feb. 2006"]
[Site "SchemingMind.com"]
[Date "2006.02.06"]
[Round "-"]
[White "gjttjg"]
[Black "PackoJones1000"]
[Result "0-1"]
[WhiteCountry "USA"]
[BlackCountry "ESP"]
[WhiteElo "1409"]
[WhiteRD "177"]
[BlackElo "2046"]
[BlackRD "128"]
[GameID "38329"]

1. e4 c5 2. Bc4 Nc6 3. Qf3 Nf6 4. Ne2 e6 5. O-O Ne5 6. Qc3 Nxc4 7. Qxc4 Be7 8. d4 Nxe4 9. Nbc3 d5 10. Qa4+ Bd7
11. Qb3 Nxc3 12. bxc3 Qb6 13. Qxb6 axb6 14. Rb1 b5 15. a3 b6 16. Rd1 Bc6 17. Bb2 Ra4 18. Rd3 f6 19. Re3 Kf7 20. Rf3 Bd6
21. Re1 Re8 22. Kf1 e5 23. Ng3 g6 24. Bc1 e4 25. Rfe3 Bf4 26. R3e2 Bxc1 27. Rxc1 Rxa3 28. Re3 Ke7 29. f3 cxd4 30. Ree1 dxc3
31. Ne2 b4 32. Nd4 Bb7 33. Nb5 Ba6 34. fxe4 Bxb5+ 35. Kg1 d4 36. e5 b3 37. cxb3 Rxb3 38. Ra1 d3 39. Ra7+ Kf8 40. e6 d2
0-1

[Event "Standard for new members, Feb. 2006"]
[Site "SchemingMind.com"]
[Date "2006.02.06"]
[Round "-"]
[White "alexpc333"]
[Black "PackoJones1000"]
[Result "0-1"]
[WhiteCountry "GUA"]
[BlackCountry "ESP"]
[WhiteElo "1463"]
[WhiteRD "184"]
[BlackElo "2046"]
[BlackRD "128"]
[GameID "38331"]

1. e4 c5 2. Nf3 d6 3. Bc4 e6 4. d4 cxd4 5. Nxd4 Nf6 6. Bg5 Be7 7. Nc3 O-O 8. O-O Qb6 9. b3 Bd7 10. a4 Nc6
11. Ndb5 a6 12. Na3 Rac8 13. Bxf6 Bxf6 14. Nab1 Na5 15. Na3 Bxc3 16. Rb1 Bb4 17. Ra1 Bc3 18. Ra2 f5 19. Qd3 Bb4 20. c3 Bxa3
21. Rxa3 fxe4 22. Qxe4 d5 23. Bxd5 exd5 24. Qxd5+ Be6 25. Qd1 Nxb3 26. Ra2 Rxc3 27. Kh1 Rc1 28. Qxc1 Nxc1 29. Rxc1 Bxa2
0-1

[Event "Standard for new members, Feb. 2006"]
[Site "SchemingMind.com"]
[Date "2006.02.06"]
[Round "-"]
[White "orpc"]
[Black "Hexsaw"]
[Result "1-0"]
[WhiteCountry "GUA"]
[BlackCountry "ENG"]
[WhiteElo "1523"]
[WhiteRD "185"]
[BlackElo "1321"]
[BlackRD "156"]
[GameID "38351"]

1. e4 c5 2. Bc4 e6 3. Nc3 Nf6 4. Qf3 Nc6 5. Nge2 Be7 6. O-O O-O 7. Nf4 Nd4 8. Qd1 d5 9. exd5 exd5 10. Ncxd5 Bd6
11. c3 Nxd5 12. Bxd5 Bxf4 13. Be4 Re8 14. d3 Ne6 15. Qf3 Rb8 16. Bxf4 b6 17. Bxb8 Ng5 18. Qf4 a5 19. Bc7 Qe7 20. Bxb6 Ba6
21. Rfe1 Qe5 22. Bxh7+ Kf8 23. Rxe5 Nxh7 24. Bxc5+ Kg8 25. Rxe8+ Nf8 26. Rxf8+ Kh7 27. Qf5+ g6 28. Qh3+ Kg7 29. Qh8#
1-0

[Event "Standard for new members, Feb. 2006"]
[Site "SchemingMind.com"]
[Date "2006.02.06"]
[Round "-"]
[White "orpc"]
[Black "gjttjg"]
[Result "1-0"]
[WhiteCountry "GUA"]
[BlackCountry "USA"]
[WhiteElo "1593"]
[WhiteRD "127"]
[BlackElo "1215"]
[BlackRD "111"]
[GameID "38352"]

1. e4 Nf6 2. Nc3 d5 3. e5 d4 4. exf6 gxf6 5. Nb5 a6 6. Nxd4 Qxd4 7. Nf3 Qd6 8. d4 c5 9. Bc4 Be6 10. d5 Bg4
11. O-O Bg7 12. h3 Bh5 13. a4 b5 14. axb5 O-O 15. Qe1 f5 16. Nh4 Qf6 17. Qe3 Qxh4 18. Qxc5 Nd7 19. Qe3 Ne5 20. Bd3 Nxd3
21. Qxd3 Bg6 22. bxa6 f4 23. Qf3 Be5 24. Qg4 Qf6 25. c3 Rad8 26. c4 Rc8 27. Ra4 Qb6 28. Bxf4 Bxb2 29. Be3 Qb3 30. c5 h5
31. Qb4 Qc2 32. f3 Be5 33. Rc1 Qe2 34. Qd2 Qb5 35. Ra5 Qb3 36. c6 Rfd8 37. f4 Bc7 38. Rac5 Ra8 39. Ra1 Bb6 40. c7 Rd6
41. c8=Q+ Rxc8 42. Rxc8+ Kg7 43. Bxb6 Qxd5 44. Qxd5
1-0

[Event "Standard for new members, Feb. 2006"]
[Site "SchemingMind.com"]
[Date "2006.02.06"]
[Round "-"]
[White "orpc"]
[Black "PackoJones1000"]
[Result "0-1"]
[WhiteCountry "GUA"]
[BlackCountry "ESP"]
[WhiteElo "1253"]
[WhiteRD "255"]
[BlackElo "2046"]
[BlackRD "128"]
[GameID "38354"]

1. e4 c5 2. Bc4 e6 3. Nf3 d6 4. O-O Nf6 5. e5 dxe5 6. Nxe5 Bd6 7. Re1 O-O 8. Nf3 a6 9. Nc3 b5 10. Bf1 Bb7
11. d4 cxd4 12. Nxd4 Qc7 13. g3 b4 14. Na4 Nc6 15. c3 Rad8 16. Bg5 Be7 17. Qc2 Nxd4 18. Qc1 Qc6
0-1

[Event "Standard for new members, Feb. 2006"]
[Site "SchemingMind.com"]
[Date "2006.02.06"]
[Round "-"]
[White "orpc"]
[Black "alexpc333"]
[Result "1-0"]
[WhiteCountry "GUA"]
[BlackCountry "GUA"]
[WhiteElo "1615"]
[WhiteRD "151"]
[BlackElo "1239"]
[BlackRD "111"]
[GameID "38355"]

1. e4 e5 2. Nf3 Nf6 3. Nc3 Nc6 4. Bc4 h6 5. d4 Qe7 6. d5 Na5 7. Nb5 Qb4+ 8. Nd2 Nxc4 9. Nxc7+ Kd8 10. Nxa8 Nxe4
11. c3 Nxb2 12. cxb4 Nxd1 13. Nxe4 f5 14. Ng3 Nc3 15. d6 Bxd6 16. Nxf5 Bxb4 17. Bd2 g6 18. Nxh6
1-0

[Event "Standard for new members, Feb. 2006"]
[Site "SchemingMind.com"]
[Date "2006.02.07"]
[Round "-"]
[White "Hexsaw"]
[Black "orpc"]
[Result "0-1"]
[WhiteCountry "ENG"]
[BlackCountry "GUA"]
[WhiteElo "1321"]
[WhiteRD "156"]
[BlackElo "1523"]
[BlackRD "185"]
[GameID "38356"]

1. e4 e5 2. Nf3 Nc6 3. Nc3 Nf6 4. Bc4 h6 5. O-O Nxe4 6. Nxe4 d5 7. Bd3 dxe4 8. Bxe4 Bc5 9. c3 O-O 10. d4 exd4
11. Re1 dxc3 12. bxc3 Be6 13. Nd2 Qf6 14. Nf3 Rad8 15. Bd2 Bd5 16. Be3 Bxe4 17. Nd4 Nxd4 18. Rb1 Bxb1 19. Qxb1 b6 20. Rd1 Ne2+
21. Kf1 Nxc3 22. Qc2 Rxd1+ 23. Qxd1 Nxd1 24. Ke2 Nxe3 25. fxe3 Re8 26. Kd3 Rxe3+ 27. Kc2 Qc3+ 28. Kd1 Re1#
0-1

[Event "Standard for new members, Feb. 2006"]
[Site "SchemingMind.com"]
[Date "2006.02.06"]
[Round "-"]
[White "gjttjg"]
[Black "orpc"]
[Result "0-1"]
[WhiteCountry "USA"]
[BlackCountry "GUA"]
[WhiteElo "1327"]
[WhiteRD "119"]
[BlackElo "1615"]
[BlackRD "151"]
[GameID "38357"]

1. e4 e5 2. d3 Nf6 3. Nf3 Nc6 4. c4 Bc5 5. Be3 Bxe3 6. fxe3 h6 7. Nc3 d6 8. d4 Bg4 9. d5 Ne7 10. Qb3 c6
11. Be2 cxd5 12. cxd5 O-O 13. O-O Qb6 14. Na4 Qxb3 15. axb3 Nxe4 16. Nc3 Nxc3 17. bxc3 Nxd5 18. Rf2 Nxc3 19. Bc4 d5 20. Nxe5 dxc4
21. Nxg4 cxb3 22. Ra3 h5 23. Ne5 Nd1 24. Re2 b2 25. Rb3 b1=Q 26. Rxb1 Nc3 27. Reb2 Nxb1 28. Rxb1 Rfe8 29. Nc4 Re4 30. Nd6 Rxe3
31. Kf2 Rd3 32. Ne4 b6 33. Rb5 Rad8 34. Rxh5 R8d4 35. Re5 f5 36. Ng3 g6 37. Re8+ Kf7 38. Ra8 Rf4+ 39. Ke2 Ra3 40. h3 Rxg3
41. Rxa7+ Kf6 42. Ra6 Rxg2+ 43. Ke3 Rb4 44. Kf3 Rc2 45. Ra8 Rc3+ 46. Kg2 Rb2+
0-1

[Event "Standard for new members, Feb. 2006"]
[Site "SchemingMind.com"]
[Date "2006.02.06"]
[Round "-"]
[White "PackoJones1000"]
[Black "orpc"]
[Result "1-0"]
[WhiteCountry "ESP"]
[BlackCountry "GUA"]
[WhiteElo "2046"]
[WhiteRD "128"]
[BlackElo "1253"]
[BlackRD "255"]
[GameID "38359"]

1. e4 e5 2. Nf3 Nc6 3. Bb5 a6 4. Ba4 Nf6 5. O-O Nxe4 6. d4 exd4 7. Re1 f5 8. Nxd4 Bc5 9. Rxe4+ fxe4 10. Qh5+ g6
11. Qxc5 Qe7 12. Qc3 Qe5 13. Nxc6 Qxc3 14. Nxc3 dxc6 15. Nd5 O-O 16. Nxc7 Rb8 17. Bh6 Rf7 18. Bb3
1-0

[Event "Standard for new members, Feb. 2006"]
[Site "SchemingMind.com"]
[Date "2006.02.06"]
[Round "-"]
[White "alexpc333"]
[Black "orpc"]
[Result "0-1"]
[WhiteCountry "GUA"]
[BlackCountry "GUA"]
[WhiteElo "1337"]
[WhiteRD "126"]
[BlackElo "1523"]
[BlackRD "185"]
[GameID "38360"]

1. e4 e5 2. f4 Nc6 3. f5 Nf6 4. Bb5 a6 5. Bxc6 dxc6 6. Nf3 Nxe4 7. d4 Bxf5 8. Nxe5 Qh4+ 9. Ke2 Qf2+ 10. Kd3 Nd2+
11. Kc3 Qe3+ 12. Nd3 a5 13. Bxd2 Bb4+ 14. Kb3 Be6+ 15. c4 Qxd3+ 16. Nc3 Bxc4+
0-1